000 01962cam a22003858i 4500
001 22373678
003 CSPC
005 20250807091958.0
008 220106s2022 nju b 001 0 eng
010 _a 2021062814
020 _a9781119849841
_q(hardback)
035 _a22373678
040 _aDLC
_beng
_erda
_cDLC
_dCSPC
042 _apcc
050 0 0 _aTA355
_b.P36 2022
082 0 0 _a620.3
_bP351v
_223/eng/20220525
100 1 _aPeiffer, Alexander,
_eauthor.
245 1 0 _aVibroacoustic simulation :
_ban introduction to statistical energy analysis and hybrid methods /
_cAlexander Peiffer.
250 _aFirst edition.
263 _a2207
264 1 _aHoboken, New Jersey :
_bJohn Wiley & Sons, Inc.,
_c2022.
300 _axxi, 450 pages :
_billustrations ;
_c26 cm.
336 _atext
_btxt
_2rdacontent
337 _aunmediated
_bn
_2rdamedia
338 _avolume
_bnc
_2rdacarrier
504 _aIncludes bibliographical references and index.
505 0 _aLinear systems, random process and signals -- Waves in fluids -- Wave propagation in structures -- Fluid systems -- Structure systems -- Random description of systems -- Coupled systems -- Coupling loss factors -- Deterministic applications -- Application of random systems -- Hybrid systems -- Industrial cases -- Conclusions and outlook -- Appendix A: Basic mathematics -- Appendix B: Specific solutions -- Appendix C: Symbols.
650 0 _aVibration
_xMathematical models.
650 0 _aAcoustical engineering
_xMathematics.
776 0 8 _iOnline version:
_aPeiffer, Alexander.
_tVibroacoustic simulation
_bFirst edition.
_dHoboken, NJ : John Wiley & Sons, Inc., 2022
_z9781119849858
_w(DLC) 2021062815
906 _a7
_bcbc
_corignew
_d1
_eecip
_f20
_gy-gencatlg
942 _2ddc
_cBK
_e23
_h620.3
_iP351v
_kENG
_m2022
_n0
999 _c29913
_d29913